[Event "CCT Play-in Chessable Masters 2024"]
[Site "Online"]
[Date "2024.01.31"]
[Round "1"]
[White "Caruana, Fabiano"]
[Black "chessdjw"]
[Result "1-0"]
[WhiteElo "2804"]
[BlackElo "2562"]
[Annotator "RC"]
[PlyCount "173"]
[EventDate "2024.01.26"]
[EventType "swiss"]
[EventCountry "NET"]
[SourceTitle "playchess.com"]
[Source "ChessBase"]
[SourceQuality "1"]

1. c4 Nf6 2. Nc3 c5 3. Nf3 e6 4. g3 d5 5. cxd5 exd5 6. d4 Nc6 7. a3 c4 8. Bg5 Be7 9. Bg2 Be6 10. O-O O-O 11. e3 h6 12. Bxf6 Bxf6 13. Nd2 Rc8 14. Rc1 Qd7 15. b3 Na5 16. b4 Nc6 17. h4 Ne7 18. Kh2 a6 19. Nf3 Nc6 20. Ng1 Qd6 21. Nh3 a5 22. b5 Ne7 23. Nf4 Rfd8 24. a4 g6 25. Nxe6 fxe6 26. h5 g5 27. Qg4 Kg7 28. Rfd1 Qb6 29. Rc2 Rc7 30. Rcd2 Rcd7 31. Bh3 Rd6 32. Qf3 Rf8 33. Qe2 Rfd8 34. Bg4 Ng8 35. Kg2 Be7 36. e4 dxe4 37. Qxe4 Nf6 38. Qg6+ Kh8 39. Qxh6+ Nh7 40. Ne4 e5 41. Nxd6 Rxd6 42. Qxd6 Qxd6 43. dxe5 Qxe5 44. Re2 Qc5 45. Bf3 Nf6 46. Bxb7 c3 47. Ba8 g4 48. b6 c2 49. Rc1 Bd6 50. b7 Qd5+ 51. Kh2 Qxh5+ 52. Kg1 Kg7 53. Rexc2 Qe5 54. Rd1 Ne4 55. Re2 Bc5 56. Rd3 Bxf2+ 57. Kg2 Bxg3 58. b8=Q Qxb8 59. Bxe4 Bd6 60. Rd5 Bb4 61. Rg5+ Kf6 62. Rxg4 Qc7 63. Bf3 Kf5 64. Rg8 Qc1 65. Rg3 Bc5 66. Be4+ Kf4 67. Rf3+ Kg4 68. Rf1 Qg5 69. Rf5 Qc1 70. Rf1 Qg5 71. Kh1 Qh6+ 72. Rh2 Qe3 73. Bf3+ Kg5 74. Rg2+ Kh6 75. Bc6 Qe5 76. Bf3 Bd6 77. Rfg1 Qf4 78. Bg4 Be5 79. Re1 Qd4 80. Rf1 Qe4 81. Bh3 Qh4 82. Rf3 Qe1+ 83. Rg1 Qe2 84. Bg2 Bd4 85. Rh3+ Kg5 86. Bf3+ Bxg1 87. Bxe2 1-0

[Event "CCT Play-in Chessable Masters 2024"]
[Site "Online"]
[Date "2024.01.31"]
[Round "1"]
[White "Dominguez Perez, Leinier"]
[Black "Salinas Herrera, Pablo"]
[Result "1-0"]
[WhiteElo "2752"]
[BlackElo "2477"]
[Annotator "TA"]
[PlyCount "125"]
[EventDate "2024.01.26"]
[EventType "swiss"]
[EventCountry "NET"]
[SourceTitle "playchess.com"]
[Source "ChessBase"]
[SourceQuality "1"]

1. e4 e5 2. Nf3 Nc6 3. Bb5 a6 4. Ba4 Nf6 5. O-O d6 6. Re1 Bd7 7. c3 g6 8. d4 Bg7 9. h3 O-O 10. Bc2 Re8 11. d5 Ne7 12. c4 Nh5 13. Nc3 h6 14. Rb1 Rf8 15. b4 f5 16. exf5 Nxf5 17. Ne4 Nh4 18. Nxh4 Qxh4 19. Rb3 Nf4 20. Rg3 g5 21. c5 Rad8 22. cxd6 cxd6 23. Be3 Bf5 24. Bb6 Rc8 25. Bb1 Bxe4 26. Bxe4 Rc4 27. Qb1 Rfc8 28. Kh2 Qh5 29. Bf5 Qf7 30. Bxc8 Rxc8 31. Rf3 Qxd5 32. Rd1 Qc6 33. Be3 e4 34. Rc1 Bc3 35. Rxf4 gxf4 36. Bd4 Bxd4 37. Rxc6 Rxc6 38. Qxe4 Be5 39. Qg6+ Bg7 40. Qe6+ Kh7 41. Qe4+ Kh8 42. h4 Be5 43. Qg6 Bg7 44. Qe8+ Kh7 45. Qe4+ Kh8 46. Kh3 Rc3+ 47. Kg4 b5 48. Kh5 Rc8 49. Qxf4 Rd8 50. Kg6 d5 51. Qc7 Rg8 52. Qd7 d4 53. f4 Be5+ 54. Kf5 Bg7 55. g4 Rf8+ 56. Ke4 Bf6 57. g5 Rd8 58. Qc7 Re8+ 59. Kf5 Bg7 60. Kg6 Re6+ 61. Kh5 Re8 62. Qd7 Rf8 63. f5 1-0

[Event "CCT Play-in Chessable Masters 2024"]
[Site "Online"]
[Date "2024.01.31"]
[Round "1"]
[White "Keymer, Vincent"]
[Black "Donchenko, Alexander"]
[Result "1-0"]
[WhiteElo "2743"]
[BlackElo "2643"]
[Annotator "TA"]
[PlyCount "105"]
[EventDate "2024.01.26"]
[EventType "swiss"]
[EventCountry "NET"]
[SourceTitle "playchess.com"]
[Source "ChessBase"]
[SourceQuality "1"]

1. c4 Nf6 2. Nf3 g6 3. Nc3 Bg7 4. g3 c6 5. e4 d5 6. cxd5 cxd5 7. e5 Nfd7 8. d4 Nb6 9. h3 Nc6 10. Bg2 O-O 11. O-O Bf5 12. Nh4 Bd7 13. Re1 Rc8 14. Bf4 Be6 15. Nf3 h6 16. Rc1 Qd7 17. Kh2 f6 18. b3 g5 19. Be3 Rcd8 20. Ne2 Bf5 21. exf6 exf6 22. Nc3 Bg6 23. h4 Rde8 24. Qd2 Ne7 25. a4 Nbc8 26. Nb5 Nc6 27. hxg5 hxg5 28. Bh3 Bf5 29. Bxf5 Qxf5 30. Kg2 a6 31. Nc3 Nd6 32. Qc2 Nb4 33. Qxf5 Nxf5 34. Re2 g4 35. Ne1 Rc8 36. Na2 Nxa2 37. Rxc8 Rxc8 38. Rxa2 Rc3 39. Rc2 Rxb3 40. Rc8+ Kh7 41. Nc2 Kg6 42. Bf4 Bh6 43. Bxh6 Kxh6 44. Rd8 Rb2 45. Rxd5 Kg6 46. Rc5 Ra2 47. a5 Nd6 48. Ne3 Ne4 49. Rf5 Nd6 50. Rd5 Ne4 51. Nxg4 f5 52. Re5 Ra3 53. Ne3 1-0

[Event "CCT Play-in Chessable Masters 2024"]
[Site "Online"]
[Date "2024.01.31"]
[Round "1"]
[White "Grischuk, Alexander"]
[Black "Tari, Aryan"]
[Result "0-1"]
[WhiteElo "2732"]
[BlackElo "2623"]
[Annotator "TA"]
[PlyCount "134"]
[EventDate "2024.01.26"]
[EventType "swiss"]
[EventCountry "NET"]
[SourceTitle "playchess.com"]
[Source "ChessBase"]
[SourceQuality "1"]

1. d4 d5 2. Nf3 Nf6 3. Bf4 g6 4. e3 Bg7 5. Nbd2 O-O 6. Be2 b6 7. h4 c5 8. Ne5 h5 9. c3 Nbd7 10. Ndf3 Ne4 11. Nxd7 Bxd7 12. Ne5 Be8 13. f3 Nf6 14. Qc2 Rc8 15. Ba6 Rc7 16. a4 Nd7 17. Nd3 cxd4 18. Bxc7 Qxc7 19. exd4 Bxd4 20. O-O-O Bg7 21. Kb1 Nc5 22. Bb5 e6 23. g4 hxg4 24. Nxc5 bxc5 25. fxg4 Bxb5 26. axb5 Rb8 27. h5 g5 28. h6 Be5 29. Rh5 Qd8 30. Qa4 Qf6 31. h7+ Kh8 32. Ka2 c4 33. Rd2 Qf4 34. Rg2 Qf3 35. Rg1 Qf2 36. Rc1 Qf4 37. Rc2 Qxg4 38. Rh1 Qf5 39. Re2 Bf4 40. Rf2 Qe4 41. Rhf1 d4 42. cxd4 Qxd4 43. Rf3 Qd5 44. Rc3 Rxb5 45. Qxc4 Ra5+ 46. Kb1 Qxc4 47. Rxc4 Kxh7 48. Kc2 Kg6 49. b4 Ra3 50. Kb2 Rd3 51. Kc2 Ra3 52. Kb2 Re3 53. Kc2 Re2+ 54. Kb3 Rg2 55. Ra1 Be3 56. Rf1 Bb6 57. Rc8 f5 58. Re1 f4 59. Rxe6+ Kf5 60. Re7 f3 61. Rf8+ Kg4 62. Re4+ Kg3 63. Rg8 Kh3 64. Rh8+ Kg3 65. Rg8 f2 66. Rxg5+ Kf3 67. Rxg2 Kxg2 0-1

[Event "CCT Play-in Chessable Masters 2024"]
[Site "Online"]
[Date "2024.01.31"]
[Round "1"]
[White "Le, Quang Liem"]
[Black "Dedic8"]
[Result "0-1"]
[WhiteElo "2731"]
[BlackElo "2534"]
[Annotator "TA"]
[PlyCount "76"]
[EventDate "2024.01.26"]
[EventType "swiss"]
[EventCountry "NET"]
[SourceTitle "playchess.com"]
[Source "ChessBase"]
[SourceQuality "1"]

1. Nf3 d5 2. e3 Nf6 3. c4 e6 4. Nc3 Be7 5. b3 b6 6. cxd5 exd5 7. g3 O-O 8. Bb2 Bb7 9. Bg2 d4 10. exd4 Nc6 11. Ne2 Nb4 12. d3 a5 13. O-O Ra7 14. Nc3 Nbd5 15. Ne4 a4 16. Re1 Bb4 17. Nfd2 a3 18. Bc1 Nxe4 19. dxe4 Nc3 20. Qc2 Qxd4 21. Nf3 Ne2+ 22. Qxe2 Qxa1 23. Rd1 Qc3 24. Nd4 Raa8 25. Be3 Rad8 26. Rc1 Qb2 27. Rc2 Rxd4 28. Rxb2 axb2 29. Qc2 Rfd8 30. Bxd4 Rxd4 31. Qxb2 Rd1+ 32. Bf1 Ba6 33. Qe5 Bxf1 34. h4 h5 35. Kh2 Be2 36. Kg2 Rd3 37. f4 Bf3+ 38. Kf2 Bc5+ 0-1

[Event "CCT Play-in Chessable Masters 2024"]
[Site "Online"]
[Date "2024.01.31"]
[Round "1"]
[White "HansOnTwitch"]
[Black "ElHelvetico"]
[Result "1-0"]
[WhiteElo "2720"]
[BlackElo "2544"]
[Annotator "TA"]
[PlyCount "101"]
[EventDate "2024.01.26"]
[EventType "swiss"]
[EventCountry "NET"]
[SourceTitle "playchess.com"]
[Source "ChessBase"]
[SourceQuality "1"]

1. e4 g6 2. d4 Bg7 3. Nc3 d6 4. Nf3 a6 5. a4 Nf6 6. Be2 O-O 7. O-O Nc6 8. a5 e5 9. d5 Ne7 10. Nd2 Nd7 11. Nc4 f5 12. exf5 gxf5 13. f4 Ng6 14. fxe5 Ndxe5 15. Ra4 Bd7 16. Rb4 Rb8 17. Nxe5 dxe5 18. Be3 Kh8 19. Ba7 Ra8 20. Bc5 Rf7 21. Rxb7 Bc8 22. Rb4 Bf8 23. Rc4 Bxc5+ 24. Rxc5 Rb8 25. b3 Qg5 26. Kh1 Bb7 27. Qc1 Qe7 28. b4 Rd8 29. Bh5 Rf6 30. Qg5 Rdf8 31. h3 Nf4 32. Rxf4 exf4 33. Qxf4 Rd6 34. Bf3 Qg7 35. b5 Qe7 36. Qd4+ Kg8 37. Kh2 Re8 38. Rc4 Red8 39. b6 c6 40. Qf4 cxd5 41. Rc7 R8d7 42. Rxb7 Rxb7 43. Nxd5 Qf8 44. Nf6+ Qxf6 45. Bxb7 Rd4 46. Qb8+ Kg7 47. Qc7+ Kg6 48. Bf3 Qd6+ 49. Qxd6+ Rxd6 50. c4 Kf6 51. c5 1-0

[Event "CCT Play-in Chessable Masters 2024"]
[Site "Online"]
[Date "2024.01.31"]
[Round "1"]
[White "Yu, Yangyi"]
[Black "bardiya_Daneshvar"]
[Result "1-0"]
[WhiteElo "2720"]
[BlackElo "2556"]
[Annotator "RC"]
[PlyCount "155"]
[EventDate "2024.01.26"]
[EventType "swiss"]
[EventCountry "NET"]
[SourceTitle "playchess.com"]
[Source "ChessBase"]
[SourceQuality "1"]

1. e4 c6 2. d4 d5 3. e5 Bf5 4. Be3 Qb6 5. Qc1 e6 6. Nf3 Nd7 7. a4 Ne7 8. Nbd2 Bg6 9. Nh4 Qc7 10. c3 c5 11. Nxg6 hxg6 12. Nf3 Nf5 13. Bd2 Rc8 14. Bd3 a6 15. O-O Qb6 16. a5 Qa7 17. Qd1 Be7 18. g3 cxd4 19. Bxf5 gxf5 20. cxd4 Nb8 21. h4 Nc6 22. Kg2 Qb8 23. Rh1 Na7 24. h5 Nb5 25. h6 gxh6 26. Bxh6 Kd7 27. Qd3 Qc7 28. Rhc1 Qd8 29. Bd2 Rxc1 30. Rxc1 Qg8 31. Rh1 Rxh1 32. Kxh1 Qg4 33. Bf4 Bb4 34. Kg2 Bxa5 35. Qb3 Bd8 36. Qb4 Qg8 37. Qc5 Be7 38. Qc1 Qc8 39. Qh1 Qg8 40. Qh5 Bd8 41. Qh6 a5 42. Qh1 Na7 43. Qd1 Qf8 44. Qh1 Qg8 45. Qd1 b5 46. Qf1 Bb6 47. Be3 Kc6 48. Qh1 b4 49. Qh4 Kd7 50. Qh1 Nb5 51. Qf1 Kc6 52. Qc1+ Kb7 53. Qf1 Qe8 54. Qd1 Qe7 55. Qd3 Qd7 56. Qd1 Bd8 57. Ne1 Qc7 58. Nd3 Be7 59. Qh5 Bf8 60. Qh8 Qe7 61. b3 Kc6 62. Qg8 Nc3 63. Bg5 Qe8 64. Bh6 Kb5 65. Bxf8 a4 66. bxa4+ Nxa4 67. Qg7 b3 68. Ba3 Kc4 69. Nb2+ Kc3 70. Qg5 Kc2 71. Qe3 Qb5 72. Nxa4 Qxa4 73. Qe2+ Kc3 74. Bb2+ Kb4 75. Qd2+ Kb5 76. Kf3 Qc4 77. Ke3 Qf1 78. Qd3+ 1-0

[Event "CCT Play-in Chessable Masters 2024"]
[Site "Online"]
[Date "2024.01.31"]
[Round "1"]
[White "evgchess5"]
[Black "Sankalp Gupta"]
[Result "1-0"]
[WhiteElo "2699"]
[BlackElo "2535"]
[Annotator "TA"]
[PlyCount "95"]
[EventDate "2024.01.26"]
[EventType "swiss"]
[EventCountry "NET"]
[SourceTitle "playchess.com"]
[Source "ChessBase"]
[SourceQuality "1"]

1. e4 e6 2. d4 d5 3. Nc3 Nf6 4. e5 Nfd7 5. f4 c5 6. Nf3 Nc6 7. Be3 Be7 8. Qd2 O-O 9. Be2 b6 10. Nd1 cxd4 11. Nxd4 Nxd4 12. Bxd4 Nc5 13. Nc3 Bb7 14. O-O f5 15. exf6 Bxf6 16. Rad1 Rc8 17. Bg4 Qd6 18. g3 Qc6 19. Qe3 Ne4 20. Nxe4 dxe4 21. c3 Rcd8 22. Rd2 Ba6 23. Re1 Bb7 24. Red1 Be7 25. h4 h6 26. h5 Rd6 27. Bh3 Qe8 28. Qe2 Qf7 29. Be5 Rxd2 30. Rxd2 Bc5+ 31. Kh2 e3 32. Rd1 a5 33. Bd4 Rd8 34. Qxe3 e5 35. fxe5 Qxh5 36. Rf1 Bxd4 37. cxd4 Bc8 38. e6 Re8 39. Rf5 Qd1 40. d5 Bb7 41. Qe5 Rc8 42. Bg2 Qg4 43. Rf4 Qg6 44. Rf2 Re8 45. e7 Bc8 46. d6 Bd7 47. Bd5+ Kh7 48. Be4 1-0

[Event "CCT Play-in Chessable Masters 2024"]
[Site "Online"]
[Date "2024.01.31"]
[Round "1"]
[White "Tabatabaei, M. Amin"]
[Black "Vladimir_Zakhartsov"]
[Result "1/2-1/2"]
[WhiteElo "2696"]
[BlackElo "2543"]
[Annotator "RC"]
[PlyCount "132"]
[EventDate "2024.01.26"]
[EventType "swiss"]
[EventCountry "NET"]
[SourceTitle "playchess.com"]
[Source "ChessBase"]
[SourceQuality "1"]

1. d4 Nf6 2. c4 e6 3. g3 d5 4. Bg2 Bb4+ 5. Nd2 O-O 6. Ngf3 dxc4 7. Qc2 c5 8. O-O cxd4 9. Nxc4 d3 10. exd3 Nc6 11. Rd1 Be7 12. d4 Bd7 13. Nfe5 Rc8 14. Qb3 b5 15. Ne3 Na5 16. Qd3 Nc4 17. N3xc4 bxc4 18. Nxc4 Bb5 19. b3 Qc7 20. Bf4 Bxc4 21. bxc4 Qxc4 22. Qxc4 Rxc4 23. Rdc1 Rxd4 24. Rc7 Rd7 25. Rac1 Ba3 26. Rxd7 Bxc1 27. Rxa7 Bxf4 28. gxf4 Rc8 29. Bf3 g6 30. Ra4 Rc3 31. Kg2 Kg7 32. h4 h5 33. Ra8 Ng8 34. a4 Ra3 35. a5 Ne7 36. Be4 Nd5 37. Bxd5 exd5 38. a6 Kf6 39. Rd8 Ke6 40. f5+ Kxf5 41. Rxd5+ Ke6 42. Rb5 Rxa6 43. Kg3 Rd6 44. f3 Rd5 45. Rb6+ Kf5 46. Rb7 f6 47. Rh7 Rd8 48. Ra7 Re8 49. Rf7 Re3 50. Ra7 g5 51. Ra5+ Re5 52. Ra4 Rd5 53. Rb4 Ra5 54. Rc4 Re5 55. Ra4 Rd5 56. Rb4 Ke5 57. hxg5 fxg5 58. f4+ gxf4+ 59. Rxf4 Rd3+ 60. Rf3 h4+ 61. Kg4 Rxf3 62. Kxf3 Kf5 63. Kg2 Kg4 64. Kh1 h3 65. Kg1 Kg3 66. Kh1 h2 1/2-1/2

[Event "CCT Play-in Chessable Masters 2024"]
[Site "Online"]
[Date "2024.01.31"]
[Round "1"]
[White "Sjugirov, Sanan"]
[Black "Kosteniuk, Alexandra"]
[Result "1-0"]
[WhiteElo "2695"]
[BlackElo "2501"]
[Annotator "RC"]
[PlyCount "111"]
[EventDate "2024.01.26"]
[EventType "swiss"]
[EventCountry "NET"]
[SourceTitle "playchess.com"]
[Source "ChessBase"]
[SourceQuality "1"]

1. e4 e5 2. Nf3 Nf6 3. Nxe5 d6 4. Nf3 Nxe4 5. Nc3 Nxc3 6. dxc3 Be7 7. Bf4 Nd7 8. Qd2 Nc5 9. O-O-O Be6 10. Kb1 O-O 11. Nd4 a5 12. h4 c6 13. h5 h6 14. f3 Qb6 15. g4 Na4 16. b3 Nc5 17. g5 hxg5 18. Bxg5 Bxg5 19. Qxg5 Qd8 20. Qf4 Bc8 21. Rg1 Kh8 22. Bd3 Qf6 23. Qxf6 gxf6 24. Bf5 d5 25. Rde1 Bxf5 26. Nxf5 Rae8 27. Kb2 Re5 28. Rxe5 fxe5 29. b4 axb4 30. cxb4 Ne6 31. a4 Kh7 32. a5 Rd8 33. Re1 f6 34. Rg1 Ng5 35. Rf1 e4 36. fxe4 dxe4 37. Ne3 Nf3 38. Rh1 Ne5 39. Kc3 Rg8 40. Kd4 Re8 41. Kc5 Nd7+ 42. Kd6 Ne5 43. c4 f5 44. Nxf5 Nxc4+ 45. Kc5 Na3 46. Ne3 Rd8 47. Rh4 Re8 48. Rf4 Re7 49. Kd6 Rg7 50. Rxe4 Nb5+ 51. Kc5 Nc7 52. Kb6 Nb5 53. Nf5 Rf7 54. Re7 Rxe7 55. Nxe7 Nd6 56. Kc7 1-0

[Event "CCT Play-in Chessable Masters 2024"]
[Site "Online"]
[Date "2024.01.31"]
[Round "1"]
[White "GeorgMeier"]
[Black "Sethu Madhav Upadhyayula"]
[Result "0-1"]
[WhiteElo "2689"]
[BlackElo "1502"]
[Annotator "RC"]
[PlyCount "150"]
[EventDate "2024.01.26"]
[EventType "swiss"]
[EventCountry "NET"]
[SourceTitle "playchess.com"]
[Source "ChessBase"]
[SourceQuality "1"]

1. Nf3 d5 2. g3 Nf6 3. Bg2 c5 4. O-O g6 5. d4 cxd4 6. Nxd4 Bg7 7. Nb3 Nc6 8. Nc3 e6 9. e4 d4 10. e5 dxc3 11. Qxd8+ Nxd8 12. exf6 Bxf6 13. bxc3 Bd7 14. Nc5 Rc8 15. Ne4 Be7 16. Be3 f5 17. Bd4 O-O 18. Nd2 Nc6 19. Be3 b6 20. Rfd1 Rfd8 21. Nc4 Be8 22. Rd3 b5 23. Nd2 b4 24. c4 Rxd3 25. cxd3 Rd8 26. Bf1 a5 27. c5 e5 28. Rc1 Bf7 29. Rc2 a4 30. h4 b3 31. axb3 axb3 32. Rb2 f4 33. gxf4 exf4 34. Bxf4 Bf6 35. Rb1 b2 36. Bg5 Bxg5 37. hxg5 Rb8 38. Nc4 Bxc4 39. dxc4 Nd4 40. f4 Nf3+ 41. Kf2 Nd2 42. Rd1 b1=Q 43. Rxb1 Nxb1 44. Bh3 Rb7 45. Ke3 Kf8 46. Kd4 Ke7 47. c6 Rc7 48. Kc5 Nc3 49. Kb6 Kd8 50. Bg4 Na4+ 51. Kb5 Nc3+ 52. Kb6 Ne4 53. Be6 Nf2 54. f5 gxf5 55. Bxf5 Nd1 56. g6 hxg6 57. Bxg6 Ne3 58. Bd3 Ng4 59. Be4 Nf6 60. Bg2 Ne8 61. Bf3 Rg7 62. Bd5 Nc7 63. Be4 Rg4 64. Bd5 Rd4 65. Kc5 Rd1 66. Bf7 Ke7 67. Bh5 Rb1 68. Bg4 Ne6+ 69. Kd5 Nc7+ 70. Kc5 Rb2 71. Bf5 Ne6+ 72. Kd5 Rd2+ 73. Ke5 Nc7 74. Bg4 Na6 75. Bf5 Kd8 0-1

[Event "CCT Play-in Chessable Masters 2024"]
[Site "Online"]
[Date "2024.01.31"]
[Round "1"]
[White "Svidler, Peter"]
[Black "Gadimbayli, Abdulla"]
[Result "1-0"]
[WhiteElo "2689"]
[BlackElo "2489"]
[Annotator "TA"]
[PlyCount "75"]
[EventDate "2024.01.26"]
[EventType "swiss"]
[EventCountry "NET"]
[SourceTitle "playchess.com"]
[Source "ChessBase"]
[SourceQuality "1"]

1. e4 e6 2. d4 d5 3. Nc3 Bb4 4. e5 c5 5. a3 Bxc3+ 6. bxc3 Ne7 7. Qg4 Qc7 8. Qxg7 Rg8 9. Qxh7 cxd4 10. Ne2 dxc3 11. f4 Nbc6 12. Qd3 d4 13. Rg1 Bd7 14. g4 O-O-O 15. Rb1 Kb8 16. Rg3 Bc8 17. Bg2 Rh8 18. h3 b6 19. a4 Bb7 20. Ba3 Nc8 21. Kf2 a5 22. Qc4 Ka7 23. Rd1 Qd7 24. Nxc3 Nb4 25. Nb5+ Kb8 26. Bxb4 axb4 27. Rxd4 Qe7 28. Bxb7 Qxb7 29. Rgd3 Rxd4 30. Nxd4 Ne7 31. Qxb4 Nd5 32. Qd6+ Ka8 33. Nb5 Qc8 34. Rxd5 exd5 35. Qxd5+ Kb8 36. c4 Rxh3 37. Qxf7 Rh8 38. Qa7# 1-0

[Event "CCT Play-in Chessable Masters 2024"]
[Site "Online"]
[Date "2024.01.31"]
[Round "1"]
[White "Shankland, Sam"]
[Black "Firouzja, Alireza"]
[Result "0-1"]
[WhiteElo "2674"]
[BlackElo "2759"]
[Annotator "TA"]
[PlyCount "90"]
[EventDate "2024.01.26"]
[EventType "swiss"]
[EventCountry "NET"]
[SourceTitle "playchess.com"]
[Source "ChessBase"]
[SourceQuality "1"]

1. Nf3 Nf6 2. c4 e6 3. g3 d5 4. Bg2 Be7 5. d4 O-O 6. O-O dxc4 7. Qc2 a6 8. Qxc4 b5 9. Qc2 Bb7 10. Bd2 Be4 11. Qc1 c6 12. Rd1 Bxf3 13. Bxf3 Qxd4 14. a4 bxa4 15. Na3 Nbd7 16. Bxc6 Rac8 17. Bc3 Qa7 18. Bg2 Nc5 19. Qe3 Qb8 20. Nc2 a5 21. Nd4 Qb6 22. Bf3 h6 23. h4 Rfd8 24. Nf5 exf5 25. Qxe7 Nce4 26. Be1 Re8 27. Qa3 Nxg3 28. e3 Nge4 29. Qxa4 Ng4 30. Bxg4 fxg4 31. Qxa5 Qxb2 32. Qf5 g3 33. fxg3 Qe2 34. Rd7 Nf6 35. Re7 Rxe7 36. Qxc8+ Re8 37. Qf5 Qxe3+ 38. Bf2 Qc3 39. Ra7 Qc4 40. Kg2 Ng4 41. Kh3 h5 42. Bd4 Nh6 43. Qf4 Qd5 44. Bg1 Qh1+ 45. Bh2 Re2 0-1

[Event "CCT Play-in Chessable Masters 2024"]
[Site "Online"]
[Date "2024.01.31"]
[Round "1"]
[White "Sargissian, Gabriel"]
[Black "Sychev, Klementy"]
[Result "1/2-1/2"]
[WhiteElo "2672"]
[BlackElo "2542"]
[Annotator "RC"]
[PlyCount "124"]
[EventDate "2024.01.26"]
[EventType "swiss"]
[EventCountry "NET"]
[SourceTitle "playchess.com"]
[Source "ChessBase"]
[SourceQuality "1"]

1. d4 d5 2. c4 dxc4 3. e3 Nf6 4. Nf3 e6 5. Bxc4 a6 6. O-O Nbd7 7. Bd3 c5 8. a4 b6 9. Nc3 Bb7 10. Qe2 Qc7 11. Rd1 Bd6 12. h3 O-O 13. Bd2 e5 14. d5 Nxd5 15. Nxd5 Bxd5 16. Bxa6 e4 17. Ne1 Bb3 18. Rdc1 Bh2+ 19. Kh1 Be5 20. Bc3 Nf6 21. Bc4 Bxa4 22. Bb5 Bb3 23. Bc4 Bxc4 24. Qxc4 Bxc3 25. bxc3 Qc6 26. Rab1 Rfb8 27. Nc2 Qd5 28. Qxd5 Nxd5 29. c4 Nf6 30. Ra1 Nd7 31. Na3 Ne5 32. Nb5 Rxa1 33. Rxa1 Nxc4 34. Ra4 Nd2 35. Ra7 f5 36. Kh2 c4 37. Rc7 Rd8 38. Nd4 g6 39. Kg3 Re8 40. Kf4 Nb3 41. Nxb3 cxb3 42. Rc3 Rb8 43. Rxb3 Kf7 44. Ke5 b5 45. g4 fxg4 46. hxg4 h5 47. Kxe4 h4 48. f4 h3 49. Rb2 b4 50. Kf3 Rh8 51. Rh2 b3 52. Kg3 Ke6 53. e4 Kd6 54. g5 Kc5 55. f5 gxf5 56. exf5 Kd5 57. g6 Ke5 58. Kg4 b2 59. g7 Rg8 60. Rxb2 Rxg7+ 61. Kxh3 Kxf5 62. Rf2+ Kg6 1/2-1/2

[Event "CCT Play-in Chessable Masters 2024"]
[Site "Online"]
[Date "2024.01.31"]
[Round "1"]
[White "Predke, Alexandr"]
[Black "LevonAronian"]
[Result "1-0"]
[WhiteElo "2668"]
[BlackElo "2723"]
[Annotator "TA"]
[PlyCount "83"]
[EventDate "2024.01.26"]
[EventType "swiss"]
[EventCountry "NET"]
[SourceTitle "playchess.com"]
[Source "ChessBase"]
[SourceQuality "1"]

1. e4 e5 2. Nf3 Nc6 3. Bb5 a6 4. Ba4 Nf6 5. Nc3 Bd6 6. d3 O-O 7. Bg5 h6 8. Bh4 b5 9. Bb3 Be7 10. a4 b4 11. Bxf6 Bxf6 12. Nd5 d6 13. h3 Na5 14. Ba2 Rb8 15. O-O c6 16. Ne3 b3 17. Bxb3 Nxb3 18. cxb3 Be6 19. Nc4 Rb4 20. Rc1 Qc7 21. Rc3 Rfb8 22. Re1 g6 23. Qc2 Bg7 24. Nfd2 Qd8 25. Ne3 Bd7 26. Ndc4 Be8 27. Nd2 h5 28. Rxc6 Bxc6 29. Qxc6 Bh6 30. Qxa6 Rc8 31. Ndc4 Bxe3 32. Rxe3 Rxb3 33. a5 Rc7 34. Rf3 Kg7 35. Qxd6 Qxd6 36. Nxd6 Rd7 37. Nc4 Rdxd3 38. Rxd3 Rxd3 39. a6 Rd8 40. b4 Rb8 41. Na5 Kf8 42. Nc6 1-0

[Event "CCT Play-in Chessable Masters 2024"]
[Site "Online"]
[Date "2024.01.31"]
[Round "1"]
[White "jefferyx"]
[Black "Genghis_K"]
[Result "1/2-1/2"]
[WhiteElo "2664"]
[BlackElo "2513"]
[Annotator "TA"]
[PlyCount "87"]
[EventDate "2024.01.26"]
[EventType "swiss"]
[EventCountry "NET"]
[SourceTitle "playchess.com"]
[Source "ChessBase"]
[SourceQuality "1"]

1. d4 Nf6 2. Nf3 d5 3. c4 e6 4. Nc3 dxc4 5. e3 a6 6. a4 c5 7. Bxc4 Nc6 8. O-O Be7 9. Qe2 cxd4 10. Rd1 e5 11. exd4 exd4 12. Nxd4 Nxd4 13. Qe5 Qd6 14. Qxd4 Qxd4 15. Rxd4 Bc5 16. Rd3 O-O 17. Be3 Bxe3 18. Rxe3 Bd7 19. Nd5 Nxd5 20. Bxd5 Bc6 21. Bxc6 bxc6 22. Rc1 Rfb8 23. b3 Rb6 24. g3 g6 25. Rcc3 Rab8 26. Kf1 c5 27. Rxc5 Rxb3 28. Rxb3 Rxb3 29. Rc6 a5 30. Rc5 Rb2 31. Rxa5 Ra2 32. h4 h5 33. Kg2 Kg7 34. Kf3 Kf6 35. Ra7 Ke6 36. a5 f6 37. a6 g5 38. hxg5 fxg5 39. Rh7 Kf5 40. a7 Ra3+ 41. Ke2 h4 42. gxh4 gxh4 43. Rxh4 Rxa7 44. Kf3 1/2-1/2

[Event "CCT Play-in Chessable Masters 2024"]
[Site "Online"]
[Date "2024.01.31"]
[Round "1"]
[White "Volokitin, Andrei"]
[Black "AvitalBor"]
[Result "1/2-1/2"]
[WhiteElo "2663"]
[BlackElo "2605"]
[Annotator "TA"]
[PlyCount "99"]
[EventDate "2024.01.26"]
[EventType "swiss"]
[EventCountry "NET"]
[SourceTitle "playchess.com"]
[Source "ChessBase"]
[SourceQuality "1"]

1. e4 c6 2. d4 d5 3. e5 c5 4. Nf3 cxd4 5. Nxd4 Nc6 6. Nxc6 bxc6 7. Bd3 Qc7 8. Qe2 g6 9. O-O Bg7 10. Re1 e6 11. Nd2 Ne7 12. Nf3 h6 13. h4 c5 14. c3 a5 15. a4 Bb7 16. Bf4 O-O 17. Qd2 Kh7 18. Nh2 Ba6 19. Ng4 Ng8 20. Nf6+ Bxf6 21. exf6 Qd8 22. Bc2 Qxf6 23. h5 Rfe8 24. Be5 Qg5 25. hxg6+ fxg6 26. Re3 Ne7 27. f4 Qh5 28. Rae1 Qg4 29. Qf2 d4 30. Rg3 Qh4 31. cxd4 cxd4 32. Bxd4 Nf5 33. Bxf5 exf5 34. Be5 Re7 35. Qc5 Rd8 36. Rge3 Rd2 37. Qxe7+ Qxe7 38. Bc3 Qxe3+ 39. Rxe3 Re2 40. Rxe2 Bxe2 41. Bxa5 Bd1 42. Bc3 Bxa4 43. g3 g5 44. Kh2 Kg6 45. Bb4 Kh5 46. Bf8 Kg6 47. Be7 Kh5 48. Bf8 Kg6 49. Be7 Kh5 50. Bf8 1/2-1/2

[Event "CCT Play-in Chessable Masters 2024"]
[Site "Online"]
[Date "2024.01.31"]
[Round "1"]
[White "Bartel, Mateusz"]
[Black "Le, Tuan Minh"]
[Result "0-1"]
[WhiteElo "2657"]
[BlackElo "2567"]
[Annotator "RC"]
[PlyCount "84"]
[EventDate "2024.01.26"]
[EventType "swiss"]
[EventCountry "NET"]
[SourceTitle "playchess.com"]
[Source "ChessBase"]
[SourceQuality "1"]

1. e4 e5 2. Nf3 Nc6 3. Bb5 a6 4. Ba4 Bc5 5. d3 Nge7 6. Be3 Bxe3 7. fxe3 O-O 8. O-O d6 9. Nc3 Ng6 10. Qe1 b5 11. Bb3 Na5 12. Qg3 b4 13. Nd1 Nxb3 14. axb3 Ne7 15. d4 f6 16. Nf2 c5 17. dxc5 dxc5 18. Rad1 Qc7 19. Ng4 Be6 20. Nh4 Kh8 21. Nf5 Bxf5 22. exf5 Rad8 23. e4 Qc6 24. Qf3 Rd4 25. Nf2 Rfd8 26. c3 R4d6 27. Rxd6 Rxd6 28. Rd1 Nc8 29. Rd5 Nb6 30. c4 Nxd5 31. exd5 Qc7 32. Ne4 Rd8 33. g4 h6 34. Qe3 Qa5 35. Nxc5 Qa1+ 36. Kg2 Qxb2+ 37. Kg3 a5 38. Ne6 Ra8 39. d6 a4 40. bxa4 Qa3 41. Kf3 Qxa4 42. Qd3 Qc6+ 0-1

[Event "CCT Play-in Chessable Masters 2024"]
[Site "Online"]
[Date "2024.01.31"]
[Round "1"]
[White "Mamedov, Rauf"]
[Black "zvonokchess"]
[Result "1-0"]
[WhiteElo "2651"]
[BlackElo "2542"]
[Annotator "TA"]
[PlyCount "61"]
[EventDate "2024.01.26"]
[EventType "swiss"]
[EventCountry "NET"]
[SourceTitle "playchess.com"]
[Source "ChessBase"]
[SourceQuality "1"]

1. e4 c5 2. c3 d5 3. exd5 Qxd5 4. d4 Nf6 5. Nf3 Nc6 6. Na3 cxd4 7. Nb5 Qd8 8. Nbxd4 Nxd4 9. Nxd4 Bd7 10. Bf4 Nd5 11. Bg3 e6 12. Bc4 Nb6 13. Bd3 Bc5 14. Be5 Qg5 15. Qe2 Nd5 16. h4 Qh6 17. Nf5 exf5 18. Bxg7+ Qe6 19. Qxe6+ Bxe6 20. Bxh8 f6 21. Bg7 O-O-O 22. Bc4 Rg8 23. O-O-O Nf4 24. Bxe6+ Nxe6 25. Bxf6 Bxf2 26. Rhf1 Be3+ 27. Kb1 f4 28. b4 Rxg2 29. Rd6 Ng7 30. Rd8+ Kc7 31. Rg8 1-0